000 00358nam a22001217a 4500
008 181008b xxu||||| |||| 00| 0 eng d
041 _aeng
080 _a030
100 _a23
101 _aENC
245 _aBoswell, Marx, Adam Smith, Machiavelli, Montaigne, Tacitus, Montesquien, American State Papers,Herodotues.
_cBritannica Great Books
942 _2udc
_cBK
999 _c49066
_d49066